Statistics for People Born in 1962

Click here to take the quiz!

General Stats

  • This quiz has been taken 70 times
  • The average score is 9 of 24

Answer Stats

Answer% Correct
Jim Carrey
74%
Steve Irwin
74%
Rosie O'Donnell
67%
Demi Moore
65%
Garth Brooks
60%
Steve Carell
60%
Matthew Broderick
58%
Paula Abdul
53%
Sheryl Crow
51%
Emilio Estevez
49%
Jodie Foster
49%
Jon Stewart
44%
Ralph Fiennes
40%
Joan Cusack
28%
Kelly Preston
26%
Jeff Dunham
19%
Jennifer Jason Leigh
19%
Mike Rowe
16%
Jeff Garlin
12%
Dee Bradley Baker
7%
Mike Judge
7%
Scott McNeil
7%
Tom Kane
7%
Tom Kenny
7%

Score Distribution

Percentile by Number Answered

Percent of People with Each Score

Your Score History

You have not taken this quiz